000 00675nam a2200193 i 4500
001 bg
245 0 _aMetody numeryczne :
_bskrypt dla studentów wyższych szkół technicznychdo przedmiotu Podstawy ETO i informatyki : praca zbiorowa /
_cpod red. Danuty Zboś ; Politechnika Krakowska im. Tadeusza Kościuszki.
250 _aWyd. 3.
260 _aKraków :
_bPK,
_c1993.
300 _a376 s. :
_brys., wykr. ;
_c24 cm.
504 _aBibliogr. s. 375-376.
700 1 _aZBOŚ, Danuta.
_eRed.
710 _aPOLITECHNIKA KRAKOWSKA (Kraków)
040 _cBPK
041 _apol
080 _a519.6:681.322](075.8)
942 _cKS
008 s pl f |000 0 pol
999 _c5592
_d5592
856 _uhttp://koha.tu.koszalin.pl/cgi-bin/koha/opac-detail.pl?biblionumber=5592
_yKatalog online BPK